Top 50 Countries With The Most Poverty - Statistics

General Stats
  • This quiz has been taken 72 times
  • The average score is 37 of 50
Answer Stats
% Country % Correct
54.6 Chad
94%
79.8 DR Congo
91%
67.4 Niger
91%
47.7 Nigeria
89%
70.1 Somalia
87%
82.2 South Sudan
85%
53.2 Sudan
85%
58.9 Uganda
85%
48.2 Zimbabwe
85%
46.0 Kenya
83%
75.4 Malawi
83%
60.6 Mali
83%
41.0 Tanzania
83%
43.9 India
81%
76.6 Mozambique
81%
58.0 Togo
81%
62.7 Zambia
81%
58.5 Benin
79%
59.5 Gambia
79%
64.8 Rwanda
79%
53.9 Afghanistan
77%
65.5 Central African Republic
77%
74.1 Eritrea
77%
55.5 Eswatini
77%
51.7 Ethiopia
77%
72.9 Madagascar
77%
44.4 Cameroon
74%
49.9 Congo
74%
49.8 Haiti
74%
50.4 Yemen
74%
61.6 Burkina Faso
72%
74.2 Burundi
72%
61.5 Guinea
72%
64.1 Lesotho
72%
62.4 Liberia
72%
48.8 Pakistan
72%
59.8 Guinea-Bissau
70%
62.3 Sierra Leone
70%
40.9 Cambodia
68%
40.5 Laos
68%
49.5 Syria
66%
45.7 Bangladesh
64%
49.6 Equatorial Guinea
64%
40.8 South Africa
62%
42.2 Venezuela
62%
46.3 Nepal
55%
44.3 Papua New Guinea
53%
48.7 São Tomé and Principe
53%
39.9 Bolivia
43%
39.4 Guatemala
34%
No matching quizzes found
Score Distribution
Percent of People with Each Score
Percentile by Number Answered
Your Score History
You have not taken this quiz